Springshed :Identifying recharge areas of drying springs and lakes with water quality in southwestern bhutan (Record no. 8973)

MARC details
000 -LEADER
fixed length control field 00461nam a22001217a 4500
008 - FIXED-LENGTH DATA ELEMENTS--GENERAL INFORMATION
fixed length control field 220528b |||||||| |||| 00| 0 eng d
082 ## - DEWEY DECIMAL CLASSIFICATION NUMBER
Classification number 9789993663478
245 ## - TITLE STATEMENT
Title Springshed :Identifying recharge areas of drying springs and lakes with water quality in southwestern bhutan
260 ## - PUBLICATION, DISTRIBUTION, ETC.
Place of publication, distribution, etc. Thimphu:
Name of publisher, distributor, etc. Tarayana Foundation,
Date of publication, distribution, etc. 2022.
300 ## - PHYSICAL DESCRIPTION
Extent vi, 113 p.
Dimensions 24 cm.
650 ## - SUBJECT ADDED ENTRY--TOPICAL TERM
Topical term or geographic name entry element Areas of Drying Springs and Lakes with Water Quality in Southwestern Bhuta
942 ## - Added entry Elements (Koha)
Source of classification or shelving scheme Dewey Decimal Classification
Holdings
Withdrawn status Lost status Source of classification or shelving scheme Damaged status Not for loan Collection code Home library Current library Shelving location Date acquired Serial Enumeration / chronology Total Checkouts Full call number Barcode Date last seen Date last checked out Price effective from Koha item type Total Renewals
    Dewey Decimal Classification     Main TEST RTC Library RTC Library Main opac 28/05/2022 16391 1 363.6 JAM 2022 c.1 30015227 18/10/2023 01/09/2023 28/05/2022 Main  
    Dewey Decimal Classification     Main TEST RTC Library RTC Library Main opac 28/05/2022 16392 2 363.6 JAM 2022 c.2 30015374 24/05/2024 01/08/2023 28/05/2022 Main 7
Royal Thimphu College || All Right Reserved